000 00236nam a2200097Ia 4500
008 120527s9999 xx 000 0 und d
100 _aMATHEWS, J.
245 _aErgonomics in Agricultural equipment design
260 _bNIAE
942 _cBK
999 _c25150
_d25150